| 000 | 00367 a2200157 4500 | ||
|---|---|---|---|
| 001 | 153784 | ||
| 040 | _cEscola São Tomás de Aquino | ||
| 100 | _aGONTIJO,Solange Avelar Fonseca | ||
| 240 | 1 | 0 |
_aTem tatu no futebol _lpor |
| 245 | 1 | 0 | _aTem tatu no futebol |
| 300 | _a16 | ||
| 362 | 0 | _a1997 | |
| 440 | 1 | _aMiguilim | |
| 697 | _a*LITERATURA JUVENIL | ||
| 942 | _cBK | ||
| 999 |
_c153784 _d153784 |
||